Stress and its management : (Record no. 144159)

MARC details
000 -LEADER
fixed length control field 00544nam a22001697a 4500
010 ## - LCCN (DPL NO)
LC control number ENG-120508
020 ## - INTERNATIONAL STANDARD BOOK NUMBER
International Standard Book Number 9788179662595
Terms of availability 280.00
035 ## - SYSTEM CONTROL NUMBER
System control number EN-104040
037 ## - SOURCE OF ACQUISITION
Source of stock number/acquisition DBAD/PUB
082 ## - DEWEY DECIMAL CLASSIFICATION NUMBER
Classification number 155.9042
100 ## - MAIN ENTRY--PERSONAL NAME
Personal name Rishi
245 ## - TITLE STATEMENT
Title Stress and its management :
Statement of responsibility, etc by Rishi
Remainder of title path breaking technique of mind control /
260 ## - PUBLICATION, DISTRIBUTION, ETC. (IMPRINT)
Place of publication, distribution, etc Chennai
Name of publisher, distributor, etc Emerald Publishers
Date of publication, distribution, etc 2017
270 ## - ADDRESS
Address 15A, First Floor, Casa Major Road, Egmore,
City Chennai
Postal code 600008
300 ## - PHYSICAL DESCRIPTION
Extent 142p. :
Dimensions 21cm(Hb).
Other physical details ill.
942 ## - ADDED ENTRY ELEMENTS (KOHA)
Source of classification or shelving scheme Dewey Decimal Classification
Item type English Books
Classification part 155.9042
Call number suffix RIS
Holdings
Withdrawn status Lost status Not for loan Collection code Home library Current library Date acquired Source of acquisition Cost, normal purchase price Full call number Barcode Copy number Cost, replacement price Koha item type
      Non-fiction Ashok Vihar Ashok Vihar 07/09/2017 DBAD/PUB 280.00 155.9042 RIS EN-104040 1 280.00 English Books

© Delhi Public Library
Hit Counter
free hit counter